<?xml version="1.0" encoding="UTF-8"?>
<marc:record xmlns:marc="http://www.loc.gov/MARC21/slim">
   <marc:leader>00000nam a2200000 a 4500</marc:leader>
   <marc:datafield ind1="1" ind2=" " tag="100">
      <marc:subfield code="a">Nassehi, Armin</marc:subfield>
      <marc:subfield code="4">aut</marc:subfield>
      <marc:subfield code="e">Verfasser/-in</marc:subfield>
   </marc:datafield>
   <marc:datafield ind1=" " ind2=" " tag="653">
      <marc:subfield code="a">Softcover / Sachbücher/Politik</marc:subfield>
   </marc:datafield>
   <marc:datafield ind1=" " ind2=" " tag="653">
      <marc:subfield code="a">Gesellschaft</marc:subfield>
   </marc:datafield>
   <marc:datafield ind1=" " ind2=" " tag="653">
      <marc:subfield code="a">Wirtschaft</marc:subfield>
   </marc:datafield>
   <marc:datafield ind1="0" ind2="0" tag="245">
      <marc:subfield code="a">Das große Nein</marc:subfield>
   </marc:datafield>
   <marc:datafield ind1="0" ind2="0" tag="245">
      <marc:subfield code="b">Eigendynamik und Tragik des gesellschaftlichen Protests</marc:subfield>
   </marc:datafield>
   <marc:datafield ind1="0" ind2="0" tag="245">
      <marc:subfield code="c">Armin Nassehi</marc:subfield>
   </marc:datafield>
   <marc:datafield ind1=" " ind2="1" tag="264">
      <marc:subfield code="a">Hamburg</marc:subfield>
      <marc:subfield code="b">kursbuch.edition</marc:subfield>
   </marc:datafield>
   <marc:datafield ind1=" " ind2=" " tag="250">
      <marc:subfield code="a">1. Auflage</marc:subfield>
   </marc:datafield>
   <marc:datafield ind1="1" ind2=" " tag="520">
      <marc:subfield code="a">Angaben aus der Verlagsmeldung

Das große Nein : Eigendynamik und Tragik des gesellschaftlichen Protests / von Armin Nassehi

Klimaproteste, Gelbwesten, PEGIDA, Occupy, Hongkong, Arabellion – die Anlässe sind vielfältig, die Inhalte unterschiedlich, und doch ist all diesen Protestbewegungen eines gemein: ihre formale Ähnlichkeit. Protest wird dann wahrscheinlich, wenn Interessen, Geltungsansprüche und Kritik an sich selbst erleben, dass sie sich in den eingefahrenen Routinen einer trägen Gesellschaft nicht durchsetzen können. Einerseits wird Protest damit zum Demokratiegenerator, versucht andererseits aber jener Vetospieler zu sein, den moderne Gesellschaftsstrukturen nicht zulassen. Die Grenzen, an die der Protest hierdurch stößt, initiieren eine merkwürdige Steigerungslogik und münden in einer strukturell tragischen Konstellation: In den Mühlsteinen der Gesellschaft, die es schafft, alle Opposition zu integrieren, verpufft der Protest.

Dieses Buch erklärt, wie aus Kritik Protest wird, wie er eingebettet ist in die Kommunikationslogik unserer Zeit, wie sich seine Eigendynamik entfaltet und worin genau die Tragik des Protests besteht – ein Vademecum für all diejenigen, die gegenwärtige Protestformen ganz unterschiedlicher Couleur verstehen wollen. Keine Protestschrift, sondern eine Schrift über den Protest – über einen Sichtbarkeitsgenerator, der gesellschaftlichen Konflikten einen Ausdruck verleiht.
</marc:subfield>
   </marc:datafield>
   <marc:datafield ind1=" " ind2=" " tag="020">
      <marc:subfield code="a">9783961961283</marc:subfield>
      <marc:subfield code="9">9783961961283</marc:subfield>
   </marc:datafield>
   <marc:datafield ind1=" " ind2=" " tag="020">
      <marc:subfield code="a">396196128X</marc:subfield>
      <marc:subfield code="9">396196128X</marc:subfield>
   </marc:datafield>
   <marc:datafield ind1=" " ind2=" " tag="041">
      <marc:subfield code="a">ger</marc:subfield>
   </marc:datafield>
   <marc:datafield ind1=" " ind2=" " tag="300">
      <marc:subfield code="a">159 Seiten</marc:subfield>
   </marc:datafield>
</marc:record>
